000 01409cam a2200349 a 4500
001 EDZ0000104901
003 StDuBDS
005 20161031105151.0
006 m||||||||d||||||||
007 cr |||||||||||
008 121017s2010 cau fo| 001|0|eng|d
020 _a9781452274928 (ebook) :
_cNo price
040 _aStDuBDS
_beng
_cStDuBDS
_epn
049 _aAlfaisal Main Library
050 0 _aHD30.3
_b.H59 2010
082 0 4 _a808.06665
_223
100 1 _aHoffman, Mary F.
_q(Mary Frances)
245 1 0 _aOrganizational rhetoric
_h[electronic resource] :
_bsituations and strategies /
_cMary F. Hoffman, Debra J. Ford.
260 _aThousand Oaks, Calif. ;
_aLondon :
_bSAGE,
_cc2010.
300 _a1 online resource (xx, 267 p.)
520 8 _a'Organizational Rhetoric' introduces students to a rhetorical approach to understanding, analyzing and creating organizational messages for both internal employees and external customers.
521 _aSpecialized.
588 _aDescription based on print version record.
504 _aIncludes bibliographical references and index.
650 0 _aCommunication in organizations.
655 7 _aElectronic books.
_2local
700 1 _aFord, Debra J.
710 2 _aSage eBooks
776 0 8 _iPrint version :
_z9781412956697
856 4 0 _uhttp://ezproxy.alfaisal.edu/login?url=http://sk.sagepub.com/books/organizational-rhetoric
942 _2lcc
_cEBOOKS
999 _c480815
_d480815